|
|
|
|
| LEADER |
00601cam a2200181 7i4500 |
| 001 |
0000039741 |
| 005 |
20210402090000.0 |
| 020 |
|
|
|a 9789380162553 (hbk.)
|
| 090 |
0 |
0 |
|a QL615
|b .P75 2011
|
| 100 |
1 |
|
|a Prakash, Joy
|
| 245 |
1 |
0 |
|a Fish biology and ecological theory
|c Joy Prakash.
|
| 250 |
|
|
|a 1st ed.
|
| 260 |
|
|
|a New Delhi:
|b Arise Pub. & Dis.,
|c 2011.
|
| 300 |
|
|
|a 320 p.:
|b ill.;
|c 22 cm.
|
| 650 |
0 |
0 |
|a Fishes --
|x Ecology
|
| 650 |
0 |
0 |
|a Fishes --
|x Biology
|
| 997 |
|
|
|a Engineering & Life Sciences, Faculty
|b Science & Biotechnology, Department
|
| 999 |
|
|
|a 0000050918
|b BOK
|c OPEN SHELF
|e 2nd Floor, Bestari Jaya
|